Wybrane Pierwiastki Chemiczne - Statystyki

Ogólne statystyki
  • Ten quiz został rozwiązany 63 razy
  • Średni wynik to 18 z 21
Statystyki odpowiedzi
Hint Odpowiedź % Poprawnych
Brom Br
100%
Węgiel C
96%
Chlor Cl
96%
Żelazo Fe
96%
Tlen O
96%
Bar Ba
92%
Magnez Mg
92%
Siarka S
92%
Wodór H
88%
Azot N
88%
Srebro Ag
80%
Wapń Ca
80%
Jod I
80%
Sód Na
80%
Fosfor P
80%
Cynk Zn
80%
Potas K
76%
Glin Al
72%
Miedź Cu
72%
Ołów Pb
72%
Krzem Si
72%
Nie znaleziono quizów pasujących do podanych kryteriów
Rozkład punktacji
Procent ludzi z każdym wynikiem
Percentyl według liczby udzielonych odpowiedzi
Twoja historia wyników
Nie rozwiązałeś tego quizu